000 00420nam a2200181Ia 4500
001 16665
005 20260306170326.0
008 260306t2010||||xx |||||||||||||| ||und||
041 _aESP
082 _a349.1
_bD88
100 _aDomingo, Rafael
_eAUT
245 0 _aElementos de derecho romano
260 _c2010
300 _a169 páginas :
_c21 cm.
650 _aGEN
654 _aCDE
942 _cLIB
_dJUS
_fJUS
_2ddc
_n
999 _c16665
_d16665